| 000 | 00715cam a2200145 4500500 | ||
|---|---|---|---|
| 005 | 20260208010107.0 | ||
| 041 | _afre | ||
| 042 | _adc | ||
| 100 | 1 | 0 |
_aLarrat, Jean-Claude _eauthor |
| 245 | 0 | 0 | _aAGNÈS CALLU, Gaëtan Picon (1915-1976). Esthétique et Culture. Préface de JEAN-FRANÇOIS SIRINELLI, Postface d’YVES BONNEFOY. Paris, Honoré Champion, coll. « Poétiques et Esthétiques XXe-XXIe siècles », 2011. Un vol. de 714 p. |
| 260 | _c2013. | ||
| 500 | _a69 | ||
| 786 | 0 | _nRevue d'histoire littéraire de la France | 112 | 4 | 2013-02-04 | p. 963zc-1020zc | 0035-2411 | |
| 856 | 4 | 1 | _uhttps://shs.cairn.info/revue-d-histoire-litteraire-de-la-france-2012-4-page-963zc?lang=fr&redirect-ssocas=7080 |
| 999 |
_c1655129 _d1655129 |
||